Les Parisiens

Αποθηκεύτηκε σε:
Λεπτομέρειες βιβλιογραφικής εγγραφής
Κύριος συγγραφέας: Chevalier, Louis 1911-
Μορφή: Βιβλίο
Γλώσσα:French
Δημοσίευση: Paris : Hachette, 1985
Σειρά:Pluriels
Θέματα:
Ετικέτες: Προσθήκη ετικέτας
Δεν υπάρχουν, Καταχωρήστε ετικέτα πρώτοι!

MARC

LEADER 00000nam a2200000 i 4500
001 1/92975
008 940318s1985 fre d
020 |a 2-01-011534-1 
035 |l 10008665 
040 |a GR-MY-UA  |b gre  |e aacr 
041 0 |a fre 
082 0 |a 944.06 
100 1 |a Chevalier, Louis  |d 1911- 
245 1 4 |a Les Parisiens /  |c Louis Chevalier 
260 |a Paris :   |b Hachette,   |c 1985 
300 |a 452 p. 
490 1 |a Pluriels 
651 0 |a France  |x History  |y 19th century. 
651 0 |a Paris (France)  |x Social life and customs  |y 19th century. 
830 0 |a Pluriels 
852 |a INST  |b LESVOS  |e 19940318  |h 944.06 CHE  |p 005100005428  |q 005100005428  |t BK  |y 0 
909 |a Λ  |b 023146